000 00430nam a2200169Ia 4500
008 100917s9999 xx 000 0 und d
082 _b9454
100 _aटोळ दत्ता
245 _aभिरभिरे
260 _b---
365 _b1.5
520 _aबालविभाग
630 _aभिरभिरे
650 _aबालविभाग
730 _aभिरभिरे
942 _cBOOK
999 _c614848
_d614845